A new doctrine of insecurity? U.S. military deployment in south America /

שמור ב:
מידע ביבליוגרפי
מחבר ראשי: Tokatlian, Juan Gabriel
פורמט: Texto
תגים: הוספת תג
אין תגיות, היה/י הראשונ/ה לתייג את הרשומה!

MARC

LEADER 00000 a a2200000 04500
001 10085
003
040
100 |a Tokatlian, Juan Gabriel  
245 |a A new doctrine of insecurity? U.S. military deployment in south America /  |c Juan Gabriel Tokatlian 
773 |g volumen 41, número 5; páginas 6-10  
999 |c 39139  |d 39139